Teoría Macroeconómica (Registro nro. 4376)

Detalles MARC
000 -LEADER
fixed length control field 01026 a2200205 4500
001 - CONTROL NUMBER
control field 47479
005 - DATE AND TIME OF LATEST TRANSACTION
control field 20260407155741.0
008 - FIXED-LENGTH DATA ELEMENTS--GENERAL INFORMATION
fixed length control field 260407a1985 arg spa d
003 - CONTROL NUMBER IDENTIFIER
control field AR-UNSa-BCEJYS
040 ## - CATALOGING SOURCE
Original cataloging agency AR-UNSa-BCEJYS
Language of cataloging spa
Transcribing agency AR-UNSa-BCEJYS
080 ## - UNIVERSAL DECIMAL CLASSIFICATION NUMBER
Universal Decimal Classification number 330.101.541
Common auxiliary subdivision Macroeconomía
100 1# - MAIN ENTRY--PERSONAL NAME
Personal name Malinvaud, Edmond
245 10 - TITLE STATEMENT
Title Teoría Macroeconómica
Name of part/section of a work Tomo I: Comportamineto- Crecimiento - Tomo II: Dinámica a corto plazo
264 #1 - PRODUCTION, PUBLICATION, DISTRIBUTION, MANUFACTURE, AND COPYRIGHT NOTICE
Place of production, publication, distribution, manufacture Madrid :
Name of producer, publisher, distributor, manufacturer Alianza Editorial
Date of production, publication, distribution, manufacture, or copyright notice 1985
300 ## - PHYSICAL DESCRIPTION
Extent 2v. (414; 420-707) p.
505 ## - FORMATTED CONTENTS NOTE
Formatted contents note Vol. I: 1. El marco conceptual - 2. Las economías domésticas - 3. Las restricciones físicas a la producción - 4. Las empresas - 5. Planificación del crecimiento - 6. Teoría del crecimiento -- Vol. II: 7. El equilibrio a corto plazo - 8. La inflación - 9. Fluctuaciones coyunturales y políticas de estabilización.
590 ## - LOCAL NOTE (RLIN)
Local note niveau_biblio:m niveau_hierar:0
856 41 - ELECTRONIC LOCATION AND ACCESS
Uniform Resource Identifier <a href="https://www.biblioeco.unsa.edu.ar/pmb/images/libros/L127519.jpg">https://www.biblioeco.unsa.edu.ar/pmb/images/libros/L127519.jpg</a>
Link text Imagen de portada
Electronic format type image/jpeg
942 ## - ADDED ENTRY ELEMENTS (KOHA)
Koha item type
Existencias
Withdrawn status Lost status Damaged status Not for loan Home library Current library Shelving location Date acquired Total checkouts Full call number Barcode Date last seen Price effective from Koha item type
        Biblioteca Prof. Eusebio Cleto del Rey Biblioteca Prof. Eusebio Cleto del Rey   07/04/2026   330.101.541 M251 v.1 L127519 07/04/2026 07/04/2026 Libro
        Biblioteca Prof. Eusebio Cleto del Rey Biblioteca Prof. Eusebio Cleto del Rey   07/04/2026   330.101.541 M251 v.2 L127520 07/04/2026 07/04/2026 Libro